Marketingový informační systém Leonardo
Marketingový informačný systém Leonardo pre potreby firiem mať k dispozícii dostupné marketingové informácie. Logická štruktúra menu, grafické zobrazenie.
Gespeichert in:
| 1. Verfasser: | |
|---|---|
| Weitere Verfasser: | |
| Format: | Buchkapitel |
| Sprache: | Tschechisch |
| Schlagworte: | |
| Tags: |
Keine Tags, Fügen Sie das erste Tag hinzu!
|
MARC
| LEADER | 00000naa a2200000 4500 | ||
|---|---|---|---|
| 001 | r016681 | ||
| 005 | 20221205102230.1 | ||
| 041 | 0 | |a cze | |
| 044 | |a CZ | ||
| 245 | 1 | 0 | |a Marketingový informační systém Leonardo |c L. Mynářová, Hana Svobodová |
| 520 | |a Marketingový informačný systém Leonardo pre potreby firiem mať k dispozícii dostupné marketingové informácie. Logická štruktúra menu, grafické zobrazenie. | ||
| 610 | 2 | 0 | |a marketing |
| 610 | 2 | 0 | |a systémy informačné |
| 610 | 2 | 0 | |a Leonardo |
| 610 | 2 | 0 | |a Česko |
| 100 | 1 | |a Mynářová, Lenka | |
| 700 | 1 | |a Svobodová, Hana | |